Catálogo
 En Linea

El Mensaje de La Petrolia / (Registro nro. 10624)

Detalles MARC
000 -CABECERA
campo de control de longitud fija 00934nam a2200265 a 4500
001 - NÚMERO DE CONTROL
campo de control 000010875
005 - FECHA Y HORA DE LA ÚLTIMA TRANSACCIÓN
campo de control 20200929162318.0
008 - DATOS DE LONGITUD FIJA--INFORMACIÓN GENERAL
campo de control de longitud fija 771205s1976 ve af b f000 0 spa d
010 ## - NÚMERO DE CONTROL DE LA BIBLIOTECA DEL CONGRESO
Número de control de LC 77561643
035 ## - NÚMERO DE CONTROL DEL SISTEMA
Número de control de sistema (DLC) 77561643
040 ## - FUENTE DE LA CATALOGACIÓN
Centro catalogador/agencia de origen DO-SdBNP
Centro/agencia transcriptor DLC
Centro/agencia modificador DLC
043 ## - CÓDIGO DE ÁREA GEOGRÁFICA
Código de área geográfica s-ve---
082 ## - NÚMERO DE LA CLASIFICACIÓN DECIMAL DEWEY
Número de clasificación 591.87
Número de documento/Ítem S479m
100 1# - ENTRADA PRINCIPAL--NOMBRE DE PERSONA
Nombre de persona Sequera de Gómez, Carmen,
9 (RLIN) 26225
245 13 - MENCIÓN DE TÍTULO
Título El Mensaje de La Petrolia /
Mención de responsabilidad, etc. Rafael Maria Rosales [compilador].
250 ## - MENCIÓN DE EDICIÓN
Mención de edición 2. ed.
260 ## - PUBLICACIÓN, DISTRIBUCIÓN, ETC.
Lugar de publicación, distribución, etc. Caracas :
Nombre del editor, distribuidor, etc. Presidencia de la Republica,
Fecha de publicación, distribución, etc. 1976.
300 ## - DESCRIPCIÓN FÍSICA
Extensión 222 p., [9] leaves of plates :
Otras características físicas ill. ;
Dimensiones 22 cm.
500 ## - NOTA GENERAL
Nota general Includes essays and documents on the history of the Venezuelan oil industry from its beginnings to the present.
504 ## - NOTA DE BIBLIOGRAFÍA, ETC.
Nota de bibliografía, etc. Includes bibliographical references.
650 #4 - PUNTO DE ACCESO ADICIONAL DE MATERIA--TÉRMINO DE MATERIA
Término de materia o nombre geográfico como elemento de entrada Fauna
Subdivisión geográfica Venezuela
9 (RLIN) 26226
650 #4 - PUNTO DE ACCESO ADICIONAL DE MATERIA--TÉRMINO DE MATERIA
Término de materia o nombre geográfico como elemento de entrada Fauna
Subdivisión general Historia
9 (RLIN) 26227
700 1# - PUNTO DE ACCESO ADICIONAL--NOMBRE DE PERSONA
Nombre de persona Rosales, Rafael Maria.
9 (RLIN) 26228
910 ## - DATOS DE OPCIÓN DEL USUARIO (OCLC)
Datos de opción del usuario Catalogación por copia / LC
Existencias
Estado de retiro Estado de pérdida Restricciones de uso No para préstamo Código de colección Localización permanente Ubicación/localización actual Ubicación en estantería Fecha de adquisición Número de inventario Total de préstamos Signatura topográfica completa Código de barras Fecha visto por última vez Precio válido a partir de Tipo de ítem Koha
    Préstamo interno Préstamo restrigido Monografías: Libros y Folletos General General En encuadernación 12.10.2009 LF1   591.87 S479m 10875-10 25.06.2020 25.06.2020 Préstamo interno

Con tecnología Koha